Voeux d'un solitaire, avec la suite / (Record no. 164329)
[ view plain ]
| 000 -LEADER | |
|---|---|
| campo de control de longitud fija | 01029nam a22002415i 4500 |
| 001 - NÚMERO DE CONTROL | |
| campo de control | 164329 |
| 003 - IDENTIFICADOR DE NÚMERO DE CONTROL | |
| campo de control | ES-MaACL |
| 005 - FECHA Y HORA DE LA ÚLTIMA TRANSACCIÓN | |
| campo de control | 20240523063048.0 |
| 008 - DATOS DE LONGITUD FIJA--INFORMACIÓN GENERAL | |
| campo de control de longitud fija | 990107s1793 fr |||| | fre d |
| 040 ## - FUENTE DE CATALOGACIÓN | |
| Centro catalogador/agencia de origen | CLM |
| Lengua de catalogación | spa |
| Centro/agencia transcriptor | CLM |
| 100 1# - ENTRADA PRINCIPAL--NOMBRE DE PERSONA | |
| Nombre de persona | Bernardin de Saint-Pierre, Henri, |
| Fechas asociadas al nombre | 1737-1814 |
| 9 (RLIN) | 28279 |
| 245 10 - MENCIÓN DEL TÍTULO | |
| Título | Voeux d'un solitaire, avec la suite / |
| Mención de responsabilidad, etc. | par Jacques-Bernardin-Henri de Saint-Pierre ... ; tome dixième. |
| 250 ## - MENCION DE EDICION | |
| Mención de edición | Troisième édition, revue, corrigée et augmentée. |
| 260 ## - PUBLICACIÓN, DISTRIBUCIÓN, ETC. | |
| Lugar de publicación, distribución, etc. | A Paris : |
| Nombre del editor, distribuidor, etc. | [s.n.], |
| Fecha de publicación, distribución, etc. | 1793. |
| 300 ## - DESCRIPCIÓN FÍSICA | |
| Extensión | 348 p., [1] h. de grab. ; |
| Dimensiones | 12º. |
| 594 #1 - Nota al título y mención de responsabilidad | |
| Nota al título y mención de responsabilidad | La aclaración del tít. va pospuesta a la mención de ed. |
| 594 #1 - Nota al título y mención de responsabilidad | |
| Nota al título y mención de responsabilidad | Tít. en antep.: "Oeuvres de Jacques-Bernardin-Henri de Saint-Pierre" |
| 597 #1 - NOTA DE DESCRIPCIÓN FÍSICA | |
| NOTA DE DESCRIPCIÓN FÍSICA | Sign.: A-Z\p6\s, 2A-2F\p6\s. |
| 599 #1 - NOTA A LAS ILUSTRACIONES | |
| NOTA A LAS ILUSTRACIONES | La h. de grab.: "Marchand F." |
| 752 ## - ENTRADA AGREGADA--NOMBRE JERÁRQUICO DEL LUGAR | |
| País o entidad superior | Francia - |
| Ciudad | París |
| 852 ## - LOCALIZACIÓN | |
| Ubicación | ES-MaACL |
| Número de control de estantería | R-611-20 |
| Nota libre | -- Enc. hol. |
| Encuadernación | -- Edic.: es el T.X de "Etudes de la nature" |
| -- | Olim: D- 4810-19 |
| Estatus retirado | Estado de pérdida | Estado de daño | No para préstamo | Colección | Biblioteca de origen | Biblioteca actual | Ubicación en estantería | Fecha de adquisición | Total de préstamos | Signatura topográfica completa | Código de barras | Visto por última vez | Precio de reemplazo | Tipo de ítem Koha |
|---|---|---|---|---|---|---|---|---|---|---|---|---|---|---|
| Libros del s. XVIII | Biblioteca del Ateneo de Madrid | Biblioteca del Ateneo de Madrid | Depósito | 17/01/2008 | R-611-20 | 1172243 | 23/02/2023 | 23/02/2023 | Libro impreso antiguo |
